| 000 | 00864nam a2200277 i 4500 | ||
|---|---|---|---|
| 001 | 000048448 | ||
| 003 | DO-SdBNP | ||
| 005 | 20250626091803.0 | ||
| 007 | ta | ||
| 008 | 190321s2014 dr ac 000 m spa d | ||
| 020 | _a9789993499015 | ||
| 040 |
_aDO-SdBNP _bspa _cBNPHU _erda |
||
| 041 | _aspa | ||
| 082 | 4 |
_aRD868.44 _bY47m _222 |
|
| 100 |
_aYermenos Forastieri, Pablo, _eautor _4aut. _936154 |
||
| 245 | 1 | 0 |
_aMás apuntes : _b(universitarios, profesionales, partidarios) / _cPablo Yermenos Forastieri. |
| 264 | 1 |
_aSanto Domingo : _bBamʹS Color, _c2014. |
|
| 300 |
_a235 páginas : _bilustraciones, retratos ; _c22 cm. |
||
| 336 |
_atexto _btxt _2rdacontent |
||
| 337 |
_asin mediación _bn _2rdamedia |
||
| 338 |
_avolumen _bnc _2rdacarrier |
||
| 504 | _aBibliografía : páginas 235 | ||
| 590 | _aInventariado, 2019/LP | ||
| 910 | _aLP | ||
| 942 |
_2ddc _cLBS1 |
||
| 999 |
_c47936 _d47936 |
||